<?xml version="1.0" encoding="UTF-8"?>
<collection xmlns="http://www.loc.gov/MARC21/slim">
 <record>
  <leader>00690nam a22001935a 4500</leader>
  <controlfield tag="001">EHU.bham003121</controlfield>
  <controlfield tag="003">AR-BHAM</controlfield>
  <controlfield tag="005">20070412165744.0</controlfield>
  <controlfield tag="008">130507s1989##################000#0#####d</controlfield>
  <datafield tag="082" ind1="3" ind2="7">
   <subfield code="a">370</subfield>
  </datafield>
  <datafield tag="100" ind1="1" ind2=" ">
   <subfield code="a">Clanché, Pierre, Dir.</subfield>
  </datafield>
  <datafield tag="245" ind1="1" ind2="0">
   <subfield code="a">Symposium. actualite de la pedagogie freinet /</subfield>
   <subfield code="c">Pierre, Dir. Clanché , Jacques, Dir. Testaniére ,</subfield>
  </datafield>
  <datafield tag="260" ind1=" " ind2=" ">
   <subfield code="a">Bordeaux :</subfield>
   <subfield code="b">Presses Universitaires,</subfield>
   <subfield code="c">1989</subfield>
  </datafield>
  <datafield tag="300" ind1=" " ind2=" ">
   <subfield code="a">279 p.Actes du Symp.osium tenu á l´Université de Bordeaux II, les 26-27-28 mars 1987.-</subfield>
  </datafield>
  <datafield tag="653" ind1=" " ind2=" ">
   <subfield code="a">Educacion</subfield>
  </datafield>
  <datafield tag="653" ind1=" " ind2=" ">
   <subfield code="a">Freinet</subfield>
  </datafield>
  <datafield tag="653" ind1=" " ind2=" ">
   <subfield code="a">Pedagogia</subfield>
  </datafield>
  <datafield tag="700" ind1="1" ind2=" ">
   <subfield code="a">TestaniÉre, Jacques, Dir.</subfield>
  </datafield>
  <datafield tag="859" ind1=" " ind2=" ">
   <subfield code="a">AR-BHAM</subfield>
   <subfield code="b">BIB. HUMANIDADES - General</subfield>
   <subfield code="h">370</subfield>
   <subfield code="i">SY68</subfield>
   <subfield code="p">235.91</subfield>
   <subfield code="t">Ej.1</subfield>
  </datafield>
 </record>
</collection>
